000 00914nam a22003370a 4500
001 PT29834
003 AR-LpoUNG
005 20210131233548.0
008 191001s1997||||ag |||||||||||||||||spa d
020 _a9507861548
_c$81.95
040 _aAR-LpoUNG
_bspa
_cAR-LpoUNG
_eaacr
041 _aspa
044 _aag
082 0 _a982.066 779pro
100 1 _aDri, Rubén R.
245 1 0 _aProceso a la Iglesia Argentina :
_blas relaciones de la jerarquía eclesiástica y los gobiernos de Alfonsín y Menem
250 _a2da. ed.
260 _aBuenos Aires :
_bBiblos,
_c1997.
300 _a261 p. :
_bil.
650 4 _aANALISIS HISTORICO
650 4 _aARGENTINA
650 4 _aASPECTOS JURIDICOS
650 4 _aEDUCACION
650 4 _aESTUDIOS DE CASOS
650 4 _aIGLESIA CATOLICA
650 4 _aPODER POLITICO
650 4 _aRELIGION
651 4 _aArgentina
905 _a29834
942 _cLIB
999 _c21395
_d21395